| 000 | 00640nam a22001457a 4500 | ||
|---|---|---|---|
| 020 | _a978-93-86106-57-5 | ||
| 082 |
_a823 _bROW/H |
||
| 100 | _aROWLING, J K | ||
| 245 |
_aHARRY POTTER _bHERMIONE GRANGER |
||
| 260 |
_aGURGAON _bSCHOLASTIC INDIA _c2016 |
||
| 300 | _a64 | ||
| 520 | _aHermione Granger is a quintessential brain, in the same way that while Harry represents courage and Ron represents loyalty. Hermione was born to a Muggle family, but she is the top student in her class. These traits make one of Malfoy's favorite targets. She pleases her teachers and follows rules. | ||
| 650 |
_aADVENTURE CINEMATIC GUIDE _zINDIA |
||
| 942 | _cBK | ||
| 999 |
_c5926 _d5926 |
||